| 000 | 01238nam0a22003611 4500 | ||
|---|---|---|---|
| 001 | v19\rc\1816574 | ||
| 005 | 20250619131800.0 | ||
| 035 | _a(NLR Aleph) 004915298 | ||
| 090 |
_a5520380 _c5520380 |
||
| 100 | _a20071224d1907 |||y0rusy50 ca | ||
| 101 | 1 |
_arus _cger |
|
| 102 | _aRU | ||
| 105 | _ay z ||||| | ||
| 200 | 1 |
_aФранцузская пресса в первые годы Великой революции _fГенрих Кунов _gПер. с нем. С.В. Майер _g[Под ред. А.Б. Калихмана] |
|
| 210 |
_aОдесса _cОсвобождение труда _d[1907] |
||
| 215 |
_a107, [2] с. _d19 |
||
| 532 | 1 | 3 | _aФранцузская пресса в первые годы Великой революции |
| 700 | 1 |
_aКунов _bГ. _f1862-1936 _gГенрих |
|
| 702 | 1 |
_aМайер _bС.В. _4730 |
|
| 702 | 1 |
_aКалихман _bА.Б. _4340 |
|
| 801 | 0 |
_aRU _bNLR _gpsbo |
|
| 801 | 0 |
_aRU _bRuMoRGB _2psbo |
|
| 801 | 1 |
_aRU _bProSoft-M _2rusmarc |
|
| 852 |
_aNLR _j37.21.8.21 |
||
| 852 |
_aNLR _bБ _jК7250/К916 |
||
| 899 |
_aRuMoRGB _jN 35/330 |
||
| 899 |
_aRuMoRGB _jМК |
||
| 899 | _aБАН | ||
| 899 | _aГПИБ | ||
| 899 | _aНБ МГУ | ||
| 942 | _cBOOK | ||
| 980 | _aNB | ||